Communication technologies in higher education / (Record no. 17691)

MARC details
000 -LEADER
fixed length control field 007200000a22002170004500
005 - DATE AND TIME OF LATEST TRANSACTION
control field 20081031112747.0
008 - FIXED-LENGTH DATA ELEMENTS--GENERAL INFORMATION
fixed length control field 081031t xxu||||| |||| 00| 0 eng d
010 ## - LIBRARY OF CONGRESS CONTROL NUMBER
LC control number ENG-84357
020 ## - INTERNATIONAL STANDARD BOOK NUMBER
International Standard Book Number 817880185X
020 ## - INTERNATIONAL STANDARD BOOK NUMBER
Terms of availability 500.00 (hb)
035 ## - SYSTEM CONTROL NUMBER
System control number EN-67890
082 ## - DEWEY DECIMAL CLASSIFICATION NUMBER
Classification number 378
100 ## - MAIN ENTRY--PERSONAL NAME
Personal name Jha, Pawan Kumar
245 ## - TITLE STATEMENT
Title Communication technologies in higher education /
Statement of responsibility, etc y Pawan Kumar Jha
260 ## - PUBLICATION, DISTRIBUTION, ETC. (IMPRINT)
Place of publication, distribution, etc New Delhi
Name of publisher, distributor, etc Rajat Publications
260 ## - PUBLICATION, DISTRIBUTION, ETC. (IMPRINT)
Date of publication, distribution, etc 2005
300 ## - PHYSICAL DESCRIPTION
Extent 268p
Dimensions 22cm
500 ## - GENERAL NOTE
General note Includes bibliographical references and index
942 ## - ADDED ENTRY ELEMENTS (KOHA)
Source of classification or shelving scheme Dewey Decimal Classification
Koha item type English Books
Classification part 378
Call number suffix JHA
Holdings
Withdrawn status Lost status Source of classification or shelving scheme Damaged status Not for loan Collection code Home library Current library Date acquired Cost, normal purchase price Total Checkouts Full call number Barcode Date last seen Copy number Cost, replacement price Price effective from Koha item type
    Dewey Decimal Classification   Not For Loan Non-fiction D.B.Act.Division D.B.Act.Division 02/03/2007 500.00   378 JHA EN-67890 04/11/2008 1 500.00 04/11/2008 English Books

© Delhi Public Library
Hit Counter
free hit counter